Vài suy nghĩ về ngoại giao văn hoá /

Zapisane w:
Opis bibliograficzny
1. autor: Vũ Dương Huân, PGS.TS.
Format: Artykuł
Język:Vietnamese
Hasła przedmiotowe:
Etykiety: Dodaj etykietę
Nie ma etykietki, Dołącz pierwszą etykiete!
Thư viện lưu trữ: Thư viện Trường Đại học Đà Lạt
LEADER 00763nam a2200265 4500
001 DLU090102314
005 ##20091202
040 # # |a DLU  |b vie 
041 # # |a vie 
044 # # |a vn 
100 # # |a Vũ Dương Huân,  |c PGS.TS. 
245 # # |a Vài suy nghĩ về ngoại giao văn hoá /  |c Vũ Dương Huân. 
653 # # |a Chính sách đối ngoại 
653 # # |a Quan hệ ngoại giao 
653 # # |a Văn hoá 
773 # # |t Nghiên cứu Quốc tế  |g Số 4(71), 2007, tr. 13-24 
920 # # |a Phòng Tạp chí -- Trung tâm Thông tin - Thư viện Trường Đại học Đà Lạt 
994 # # |a DLU 
900 # # |a True 
911 # # |a Đào Thị Thu Huyền 
925 # # |a G 
926 # # |a A 
927 # # |a BB 
980 # # |a Thư viện Trường Đại học Đà Lạt